000 00651nam a2200277Ia 4500
005 20260324133309.0
008 008 260324s9999 xx 000 0 eng d
020 _a9780429211690
037 _aEBOOK
040 _aCRL
040 _beng
040 _cCRL
041 _2eng
041 _aeng
084 _qCRL
100 _aApril J. Wells
_91182052
245 0 _aOracle 11i E-Business Suite from the Front Lines
260 _bTaylor and Francis
260 _c2003
365 _a
365 _b290
856 _uhttp://www.taylorfrancis.com/books/9780429211690
942 _cEBOOK
999 _c1791464
_d1791464